Normal view
MARC view
- Supervisor : Dr Nasir M. Ahmad
Entry Personal Name
001 - CONTROL NUMBER
- control field: 119933
003 - CONTROL NUMBER IDENTIFIER
- control field: NUST
005 - DATE AND TIME OF LATEST TRANSACTION
- control field: 20240118153110.0
008 - FIXED-LENGTH DATA ELEMENTS
- fixed length control field: 240118|| aca||aabn | a|a d
040 ## - CATALOGING SOURCE
- Original cataloging agency: NUST
- Transcribing agency: NUST
100 ## - HEADING--PERSONAL NAME
- Personal name: Supervisor : Dr Nasir M. Ahmad
670 ## - SOURCE DATA FOUND
- Source citation: Work cat.: (NUST)524265: Maryam Hina 15074, TIO2 NanoParticles - Functionalized Polymeric Membranes for Water Treatment, 2014
